000 00789nam a22002177a 4500
003 JO-AjAnu
005 20241022091824.0
008 241019b jo ||||| |||| 00| 0 ara d
020 _a9789923280331
040 _aJO-AjAnu
_bara
_cJO-AjAnu
_dJO-AjAnu
_erda
041 _aara
_hara
050 _aN72.S6.H320.
_b2015
100 1 _aصاحب، حيدر
_eمؤلف
_966332
245 0 _aمتغيرات الرؤية البصرية والجمالية في الفن التشكيلي /
_cتأليف حيدر صاحب
250 _aالطبعة الاولى
260 _aعمان :
_bدار صفاء للنشر والتوزيع،
_c2020
300 _a216 صفحة
504 _aيحتوي على صور
650 7 0 _aالفنون التشكيلية- الفنون
_966334
942 _2lcc
_cBK
_n0
999 _c33766
_d33766